| 000 | 01824nam0a2200385 4500 | ||
|---|---|---|---|
| 001 | RU\NLR\bibl\1441093 | ||
| 005 | 20260405212046.0 | ||
| 010 |
_a978-5-94542-245-2 _9500 |
||
| 021 |
_aRU _b2009-77507 _94852 |
||
| 035 | _a(NLR Aleph) 001432951 | ||
| 090 |
_a1414289 _c1414289 |
||
| 100 | _a20091119d2009 |||y0rusy50 ca | ||
| 101 | 0 | _arus | |
| 102 | _aRU | ||
| 105 | _aa ||||||||| | ||
| 200 | 1 |
_aПсков. Страницы истории _dЕinige Seiten aus der Geschichte der Stadt Pskow _e[учебно-методическое пособие для изучающих немецкий язык (младший и средний возраст)] _fГ.П. Кузина, Е.С. Кулакова _zger |
|
| 210 |
_aПсков _cРусско-Немецкий Центр встреч Псков _d2009 |
||
| 215 |
_a39, [1] с. _cил., портр. _d29 |
||
| 300 | _aНа обл. авт. не указан | ||
| 510 | 1 |
_6z24790 _aЕinige Seiten aus der Geschichte der Stadt Pskow _zger |
|
| 517 | 0 | _aСтраницы истории | |
| 606 | 1 |
_aНемецкий язык _jУчебные издания для средней школы _91063964 _3RU\NLR\auth\66413315 |
|
| 686 |
_aШ143.24-93рус2 _bД890(2) |
||
| 700 | 1 |
_4070 _8rus _7ca _aКузина _bГ. П. _gГалина Павловна _3RU\NLR\AUTH\7795150 _978076 |
|
| 701 | 1 |
_4070 _8rus _7ca _aКулакова _bЕ. С. _gЕвгения Сергеевна _3RU\NLR\AUTH\7795152 _978078 |
|
| 790 | 1 |
_4070 _8rus _7ba _aKuzina _bG. P. _gGalina Pavlovna _3RU\NLR\AUTH\7795151 _978077 |
|
| 790 | 1 |
_4070 _8rus _7ba _aKulakova _bE. S. _gEvgenija Sergeevna _3RU\NLR\AUTH\7795154 _978080 |
|
| 801 | 0 |
_aRU _bNLR _c20091119 _gRCR |
|
| 801 | 1 |
_aRU _bNLR _c20091119 |
|
| 830 | _aавт. по эк. | ||
| 942 | _cBOOK | ||
| 980 | _aNB | ||
| 980 | _aNBR | ||